000 00286nam a2200109Ia 4500
999 _c8000
_d8000
020 _a0-582-52330-3
100 _aL.G. Alexander
245 0 _aPractice And Progress an Integrated Course for Pre-Intermediate Students
260 _aEngland
_bMcGraw Hill
_c1984
300 _a235
942 _cBK